| 000 | 00385nam a2200157Ia 4500 | ||
|---|---|---|---|
| 008 | 210716s2011 xx 000 0 und d | ||
| 020 | _a9788126532063 | ||
| 041 | _aeng | ||
| 082 | _a338.5 BESD | ||
| 100 | _aBesanko, David;Braeutigam, Ronald. | ||
| 245 | _aMicroeconomics. | ||
| 250 | _a4 | ||
| 260 |
_aNew Delhi _bWiley India _c2011 |
||
| 300 | _axxiii,792 | ||
| 650 | _aEconomics | ||
| 999 |
_c207459 _d207459 |
||